Organizacje międzynarodowe - Statystyki

Ogólne statystyki
  • Ten quiz został rozwiązany 424 razy
  • Średni wynik to 4 z 8
Statystyki odpowiedzi
Data założenia Siedziba Państwa Organizacja % Poprawnych
4 kwietnia 1949 Bruksela, Waszyngton USA i państwa Europy (Polska też) Traktat Północnoatlantycki
91%
24 października 1945 Nowy Jork prawie wszystkie na świecie Organizacja Narodów Zjednoczonych
88%
1 listopada 1993 Bruksela, Luksemburg większość państw w Europie Unia Europejska
76%
wrzesień 1960 Bagdad, Waszyngton państwa eksportujące ropę naftową (niewszystkie) OPEC
59%
21 grudnia 1991 Mińsk Państwa Europy Wschodniej Wspólnota Niepodległych Państw
40%
15 lutego 1991 Praga, Budapeszt Polska, Węgry, Czechy.. Grupa Wyszehradzka
39%
22 marca 1945 Kair państwa Afryki oraz Bliskiego Wschodu Liga Państw Arabskich
26%
8 sierpnia 1967, Dżakarta państwa Azji Południowo - Wschodniej Stowarzyszenie Narodów Azji Południowo-Wschodniej
10%
Nie znaleziono quizów pasujących do podanych kryteriów
Rozkład punktacji
Procent ludzi z każdym wynikiem
Percentyl według liczby udzielonych odpowiedzi
Twoja historia wyników
Nie rozwiązałeś tego quizu